000 00874nam a22003137a 4500
999 _c27912
_d27912
001 1667315
003 OSt
005 20210206113135.0
007 hduafb---bacp
007 hdubfb---baap
008 980205s1948 ii a a 001 0 eng
010 _a 97907704
025 _aNBIL-08039
040 _aDLC
_coclc
041 1 _aeng
_hguj
042 _alcode
043 _aa-ii---
082 _a954.035
_bGAN/G
100 1 _aGandhi, Mahatma
_d1869-1948
_922
240 1 0 _lMalayalam
245 1 0 _aGandhijiyude Anthya Prabhashanangal = Delhi Diary /
_cMahatma Gandhi
260 _aKozhikode:
_bHarisree Books,
_c[1999]
300 _a493p
500 _aCover title.
700 _9117
_aRavi, Sooranad
906 _a7
_bcbc
_corigode
_d5
_encip
_f19
_gy-genmicro
942 _2ddc
_cBK
_h954.035
_iGAN/G
_k954.035
_mGAN/G